| 000 | 00588nam a22002057a 4500 | ||
|---|---|---|---|
| 003 | OSt | ||
| 005 | 20240702131315.0 | ||
| 008 | 240702b |||||||| |||| 00| 0 eng d | ||
| 020 | _a0415262143 | ||
| 040 |
_aDDC _cMUST |
||
| 082 |
_a339 JHA 2003 _b20 |
||
| 100 |
_aJha Raghbendra _918363 |
||
| 245 |
_aMicroeconomics for Developing Countries / _bJha Raghbendra |
||
| 250 | _a2nd Edition | ||
| 260 |
_aNY: _bTaylor and Francis Group; _c2003. |
||
| 300 |
_axi,496p.: _bill,; _c23.2cm. |
||
| 504 | _aIncludes Bibliographical Indexes | ||
| 650 |
_aEconomics _9975 |
||
| 942 |
_2ddc _cO_SHELF |
||
| 999 |
_c9033 _d9033 |
||